| Поле | Инд. | ПП | Название | Значение |
|---|---|---|---|---|
| Тип записи | a | |||
| Библиографический уровень | b | |||
| 001 | Контрольный номер | RU/IS/BASE/335899183 | ||
| 005 | Дата корректировки | 20200630193150.4 | ||
| 008 | Кодируемые данные | 20100823 | ||
| 040 | b | Код языка каталог. | rus | |
| e | Правила каталог. | PSBO | ||
| 041 | 0_ | a | Код языка текста | rus |
| 084 | a | Индекс другой классификации/Индекс ББК | 67.404.200в0; 67.400.2(2Рос) | |
| 100 | 1_ | a | Автор | Козлова Н. В. |
| 100 | 1_ | a | Автор | Ягельницкий А. А. |
| 245 | 10 | a | Заглавие | Расторжение гражданско-правового договора в связи с существенным изменением обстоятельств |
| 504 | a | Библиография | Подстроч. примеч. - Лит. | |
| 520 | a | Аннотация | Рассматривается принцип надлежащего исполнения обязательств в гражданском праве, его применение в западных государствах и России. Проблемы применения доктрины анализируются в связи с невозможностью исполнения, в соотношении с понятием "каузы" ("основания" сделки), мотивом сделки, толкованием договора, запретом злоупотребления правом, ошибкой (злоупотреблением), а также в случае кабальной сделки | |
| 650 | a | Основная рубрика | гражданское право | |
| a | Основная рубрика | договорное право | ||
| a | Основная рубрика | обязательственное право | ||
| a | Основная рубрика | право | ||
| 653 | a | Ключевые слова | гражданско-правовой договор | |
| a | Ключевые слова | договорные обязательства | ||
| a | Ключевые слова | доктрина "неизменности обстоятельств" | ||
| a | Ключевые слова | изменение обстоятельств | ||
| a | Ключевые слова | исполнение обязательств | ||
| a | Ключевые слова | расторжение договора | ||
| a | Ключевые слова | Россия | ||
| a | Ключевые слова | судебная практика | ||
| a | Ключевые слова | существенное изменение обстоятельств | ||
| 773 | 08 | t | Заглавие источника | Вестник Московского университета. Серия 11, Право |
| d | Дата издания источника | 2010 | ||
| g | Прочая информация | № 3. - С. 35 - 51 | ||
| w | Контрольный № источника | RU/IS/BASE/330541362 | ||
| 901 | t | Тип документа | b |